[Event "Heusenstamm Sparkassen op-B 6th"]
[Site "Heusenstamm"]
[Date "2019.11.24"]
[Round "7"]
[White "Krasowitzki, Jan"]
[Black "Baltic, Sara"]
[Result "0-1"]
[WhiteElo "1173"]
[BlackElo "1520"]
[PlyCount "74"]
[EventDate "2019.11.21"]
[EventType "swiss"]
[EventRounds "7"]
[EventCountry "GER"]
[SourceTitle "CBM 194 Extra"]
[Source "ChessBase"]
[SourceDate "2020.03.31"]
[SourceVersion "1"]
[SourceVersionDate "2020.03.31"]
[SourceQuality "1"]

1. d4 Nf6 2. c4 g6 3. Nc3 d5 4. Bg5 dxc4 5. Bxf6 exf6 6. e4 Nc6 7. Nf3 Bg4 8. Qa4 Qd7 9. d5 Ne5 10. Qxd7+ Bxd7 11. Nxe5 fxe5 12. Bxc4 c6 13. dxc6 Bxc6 14. Nb5 Bb4+ 15. Ke2 0-0 16. a3 Ba5 17. b4 Bb6 18. Nd6 Rad8 19. Rhd1 Bd4 20. Nxf7 Rxf7 21. Bxf7+ Kxf7 22. Ra2 Bxe4 23. f3 Bd5 24. Rad2 Bc4+ 25. Rd3 Bb2 26. Ke3 Rxd3+ 27. Rxd3 Bxd3 28. Kxd3 Bxa3 29. b5 Bc5 30. Kc4 Bd6 31. Kd5 Ke7 32. Ke4 a6 33. bxa6 bxa6 34. Kd3 a5 35. Kc3 a4 36. Kc2 a3 37. Kb3 Kf6 0-1

[Event "Heusenstamm Sparkassen op-B 6th"]
[Site "Heusenstamm"]
[Date "2019.11.22"]
[Round "3"]
[White "Baltic, Sara"]
[Black "Firinci, Erdem"]
[Result "1-0"]
[WhiteElo "1520"]
[BlackElo "1613"]
[PlyCount "96"]
[EventDate "2019.11.21"]
[EventType "swiss"]
[EventRounds "7"]
[EventCountry "GER"]
[SourceTitle "CBM 194 Extra"]
[Source "ChessBase"]
[SourceDate "2020.03.31"]
[SourceVersion "1"]
[SourceVersionDate "2020.03.31"]
[SourceQuality "1"]

1. e4 c5 2. Nf3 d6 3. d4 cxd4 4. Nxd4 e5 5. Ne2 Nf6 6. Nbc3 Be7 7. g3 Nc6 8. Bg2 0-0 9. 0-0 Bd7 10. Bg5 Be6 11. Bxf6 Bxf6 12. Nd5 Bxd5 13. Qxd5 Qc7 14. Qd2 Rfd8 15. c3 Rab8 16. Nc1 b5 17. Nd3 a5 18. Rac1 Qb6 19. Qc2 Rbc8 20. Qd1 b4 21. cxb4 Nxb4 22. Nxb4 Qxb4 23. Rc2 Rxc2 24. Qxc2 Qb6 25. Rd1 h6 26. Bh3 Rb8 27. Rb1 Qc5 28. Qxc5 dxc5 29. Bf1 Rb4 30. Bd3 a4 31. a3 Rd4 32. Bc2 Rc4 33. Bd3 Rd4 34. Rd1 Rd8 35. Bc2 Rb8 36. Rb1 Ra8 37. Bd1 Bg5 38. Bc2 h5 39. h4 Bf6 40. Bd1 g6 41. Rc1 Rb8 42. Bxa4 Rxb2 43. Rxc5 Ra2 44. Rc7 Rxa3 45. Be8 Ra6 46. Bxf7+ Kf8 47. Bxg6 Ra1+ 48. Kg2 Re1 1-0

[Event "GER-chT U12"]
[Site "Magdeburg"]
[Date "2018.12.29"]
[Round "5.2"]
[White "Baltic, Sara"]
[Black "Gewondow, Narek"]
[Result "1-0"]
[WhiteElo "1529"]
[BlackElo "1358"]
[PlyCount "71"]
[EventDate "2018.12.27"]
[EventType "team-swiss"]
[EventRounds "7"]
[EventCountry "GER"]
[SourceTitle "CBM 188 Extra"]
[Source "ChessBase"]
[SourceDate "2019.02.26"]
[SourceVersion "1"]
[SourceVersionDate "2019.02.26"]
[SourceQuality "1"]
[WhiteTeam "Aachen Aufwaerts"]
[BlackTeam "Fuerth"]
[WhiteTeamCountry "GER"]
[BlackTeamCountry "GER"]

1. e4 e5 2. Nf3 Nc6 3. Bc4 Bc5 4. c3 Nf6 5. d4 exd4 6. 0-0 d6 7. cxd4 Bb6 8. e5 dxe5 9. dxe5 Qxd1 10. Rxd1 Nd7 11. e6 fxe6 12. Bxe6 Nc5 13. Bxc8 Rxc8 14. Re1+ Kf8 15. Nc3 Nb4 16. Re2 Ncd3 17. a3 Nxc1 18. Rxc1 Nd3 19. Rd1 Nf4 20. Red2 Ke7 21. Rd7+ Kf6 22. Ne4+ Kg6 23. Nh4+ Kh5 24. g3 Rce8 25. Re1 Nh3+ 26. Kf1 c6 27. Rxg7 Bd4 28. Rxb7 Ng5 29. Nxg5 Rxe1+ 30. Kxe1 Re8+ 31. Kf1 Kxg5 32. Nf3+ Kg4 33. Nxd4 Rd8 34. Rg7+ Kh5 35. g4+ Kh6 36. Nf5# 1-0

[Event "GER-chT U12"]
[Site "Magdeburg"]
[Date "2018.12.28"]
[Round "3.2"]
[White "Meuer, David"]
[Black "Baltic, Sara"]
[Result "1/2-1/2"]
[WhiteElo "1618"]
[BlackElo "1529"]
[PlyCount "82"]
[EventDate "2018.12.27"]
[EventType "team-swiss"]
[EventRounds "7"]
[EventCountry "GER"]
[SourceTitle "CBM 188 Extra"]
[Source "ChessBase"]
[SourceDate "2019.02.26"]
[SourceVersion "1"]
[SourceVersionDate "2019.02.26"]
[SourceQuality "1"]
[WhiteTeam "Lahnstein Turm"]
[BlackTeam "Aachen Aufwaerts"]
[WhiteTeamCountry "GER"]
[BlackTeamCountry "GER"]

1. d4 d5 2. Nf3 Nf6 3. e3 e6 4. Bd3 c6 5. b3 Nbd7 6. Bb2 Be7 7. 0-0 0-0 8. Nbd2 Qc7 9. c4 b6 10. Rc1 Qd8 11. h3 Bb7 12. cxd5 cxd5 13. Qe2 Bd6 14. Rc2 Rc8 15. Rfc1 Rxc2 16. Rxc2 Qe7 17. Ba6 Bxa6 18. Qxa6 Nb8 19. Qd3 Qb7 20. a4 Nc6 21. Qe2 Nb4 22. Rc1 Rc8 23. Qd1 Rxc1 24. Qxc1 Nd3 25. Qb1 Nxb2 26. Qxb2 Qc7 27. Nb1 Ne4 28. Nfd2 Nxd2 29. Qxd2 Qc6 30. Qc3 Qxc3 31. Nxc3 Kf8 32. Kf1 Ke7 33. Ke2 Kd7 34. Nb5 a6 35. Nxd6 Kxd6 36. b4 b5 37. axb5 axb5 38. f4 h5 39. Kf3 f5 40. h4 g6 41. g3 Ke7 1/2-1/2

[Event "GER-ch U12 Girls"]
[Site "Willingen"]
[Date "2018.05.23"]
[Round "6"]
[White "Derling, Charlotte"]
[Black "Baltic, Sara"]
[Result "0-1"]
[WhiteElo "1415"]
[BlackElo "1352"]
[PlyCount "92"]
[EventDate "2018.05.19"]
[EventType "swiss"]
[EventRounds "11"]
[EventCountry "GER"]
[SourceTitle "CBM 184 Extra"]
[Source "ChessBase"]
[SourceDate "2018.06.28"]
[SourceVersion "1"]
[SourceVersionDate "2018.06.28"]
[SourceQuality "1"]

1. e4 e5 2. Nf3 Nc6 3. d4 exd4 4. Nxd4 Bc5 5. Be3 Qf6 6. c3 Nge7 7. Be2 d5 8. Nb5 Bxe3 9. fxe3 Qe5 10. exd5 a6 11. Nxc7+ Qxc7 12. dxc6 Qxc6 13. Bf3 Qe6 14. Qe2 Nf5 15. Bg4 Qxe3 16. Bxf5 Qxe2+ 17. Kxe2 Bxf5 18. Nd2 0-0-0 19. Nf3 Bg4 20. h3 Rhe8+ 21. Kf2 Bxf3 22. Kxf3 Rd3+ 23. Kf2 Rd2+ 24. Kf3 Rxb2 25. Rhe1 Rxe1 26. Rxe1 Kd7 27. Re2 Rxe2 28. Kxe2 Ke6 29. c4 b5 30. cxb5 axb5 31. a3 f6 32. g4 g5 33. Ke3 Ke5 34. Kd3 f5 35. gxf5 Kxf5 36. Kd4 g4 37. hxg4+ Kxg4 38. Kc5 h5 39. Kxb5 h4 40. a4 h3 41. a5 h2 42. a6 h1Q 43. a7 Qa8 44. Kb6 Kf5 45. Ka6 Qc6+ 46. Ka5 Qb7 0-1

[Event "GER-ch U12 Girls"]
[Site "Willingen"]
[Date "2018.05.21"]
[Round "3"]
[White "Baltic, Sara"]
[Black "Schulz, Hannah"]
[Result "0-1"]
[WhiteElo "1352"]
[BlackElo "1469"]
[PlyCount "70"]
[EventDate "2018.05.19"]
[EventType "swiss"]
[EventRounds "11"]
[EventCountry "GER"]
[SourceTitle "CBM 184 Extra"]
[Source "ChessBase"]
[SourceDate "2018.06.28"]
[SourceVersion "1"]
[SourceVersionDate "2018.06.28"]
[SourceQuality "1"]

1. e4 c6 2. d4 d5 3. exd5 cxd5 4. Bd3 Nc6 5. c3 Nf6 6. h3 g6 7. Nf3 Bg7 8. 0-0 0-0 9. Re1 Be6 10. Na3 a6 11. Nc2 Qc7 12. Qe2 Nh5 13. Ng5 Bc8 14. Bd2 Nf4 15. Bxf4 Qxf4 16. Qe3 Qd6 17. Qf3 h6 18. Nxf7 Rxf7 19. Qe2 Bd7 20. c4 Nxd4 21. Nxd4 Bxd4 22. Rf1 Raf8 23. cxd5 Rxf2 24. Rxf2 Rxf2 25. Qxf2 Bxf2+ 26. Kxf2 Qxd5 27. Bxg6 Qd2+ 28. Kg1 Bxh3 29. gxh3 Qg5+ 30. Kh2 Qxg6 31. Rg1 Kf7 32. Rf1+ Ke8 33. Rc1 Qd6+ 34. Kh1 Qd5+ 35. Kh2 Qd2+ 0-1

[Event "GER-ch U12 Girls"]
[Site "Willingen"]
[Date "2018.05.20"]
[Round "1"]
[White "Baltic, Sara"]
[Black "Werner, Rosalie"]
[Result "1-0"]
[WhiteElo "1352"]
[BlackElo "1639"]
[PlyCount "66"]
[EventDate "2018.05.19"]
[EventType "swiss"]
[EventRounds "11"]
[EventCountry "GER"]
[SourceTitle "CBM 184 Extra"]
[Source "ChessBase"]
[SourceDate "2018.06.28"]
[SourceVersion "1"]
[SourceVersionDate "2018.06.28"]
[SourceQuality "1"]

1. e4 e6 2. d4 d5 3. Nd2 Nf6 4. e5 Nfd7 5. Bd3 c5 6. c3 Nc6 7. Ne2 cxd4 8. cxd4 Qb6 9. Nf3 Be7 10. 0-0 0-0 11. a3 a5 12. Rb1 Qc7 13. Qc2 h6 14. Bd2 Rd8 15. Rfc1 Ndb8 16. Bb5 Bd7 17. b4 b6 18. Bxc6 Qxc6 19. Qb2 Qb5 20. Nc3 Qa6 21. Ra1 a4 22. b5 Qb7 23. Rc2 Rc8 24. Rac1 Kf8 25. Na2 Rxc2 26. Rxc2 Be8 27. Qc1 Kg8 28. Rc7 Bxa3 29. Rxb7 Bxc1 30. Bxc1 Bxb5 31. Rxb6 Bc4 32. Nc3 Nd7 33. Rb4 a3 1-0

[Event "GER-ch U10 Girls"]
[Site "Willingen"]
[Date "2016.05.19"]
[Round "8"]
[White "Baltic, Sara"]
[Black "Zoellner, Bente"]
[Result "1-0"]
[WhiteElo "1149"]
[BlackElo "922"]
[PlyCount "149"]
[EventDate "2016.05.15"]
[EventType "swiss"]
[EventRounds "11"]
[EventCountry "GER"]
[SourceTitle "CBM 172 Extra"]
[Source "ChessBase"]
[SourceDate "2016.06.21"]
[SourceVersion "1"]
[SourceVersionDate "2016.06.21"]
[SourceQuality "1"]

1. e4 c5 2. Nc3 d6 3. f4 Nc6 4. Bb5 Bd7 5. Bxc6 Bxc6 6. Nf3 Qc7 7. d3 Nf6 8. 0-0 Qd7 9. Be3 g6 10. Qe1 Ng4 11. Bd2 Bg7 12. Rd1 0-0 13. Qh4 Bf6 14. Qh3 Qe6 15. f5 gxf5 16. exf5 Qxf5 17. Ng5 Bd4+ 18. Kh1 Nf2+ 19. Rxf2 Qxh3 20. Nxh3 Bxf2 21. Nxf2 Kh8 22. Ne2 Rg8 23. Ng3 e5 24. Nfe4 Raf8 25. Nxd6 Rg6 26. Ndf5 Bd7 27. Re1 Re6 28. Bh6 Rg8 29. Nh5 Rgg6 30. Bg7+ Kg8 31. d4 cxd4 32. h4 Bc6 33. Re2 Bb5 34. Rd2 Bc6 35. c3 Be4 36. Ne3 Rxg7 37. Nxg7 dxe3 38. Re2 Kxg7 39. Rxe3 Bd5 40. Rd3 Bxa2 41. Rd7 Rb6 42. b4 e4 43. Re7 Bb1 44. g4 Re6 45. Rxe6 fxe6 46. Kg2 Kf6 47. Kf2 h6 48. c4 Bd3 49. c5 Ke5 50. Ke3 Bf1 51. Kf2 Kf4 52. g5 hxg5 53. hxg5 Bc4 54. g6 e5 55. g7 e3+ 56. Ke1 Kf3 57. b5 a5 58. c6 bxc6 59. bxc6 a4 60. c7 a3 61. c8Q a2 62. Qa8+ Kf4 63. Qa4 Kf3 64. Qa3 Bf7 65. Kd1 Kf2 66. Qb2+ Kf3 67. Qxe5 Bb3+ 68. Ke1 Bg8 69. Qf5+ Kg3 70. Qf6 Bf7 71. Ke2 Bg8 72. Kxe3 Be6 73. Qg5+ Kh3 74. Kf2 Bg4 75. g8Q 1-0

[Event "GER-ch U10 Girls"]
[Site "Willingen"]
[Date "2016.05.18"]
[Round "6"]
[White "Baltic, Sara"]
[Black "Keymer, Cecilia"]
[Result "1-0"]
[WhiteElo "1149"]
[BlackElo "923"]
[PlyCount "57"]
[EventDate "2016.05.15"]
[EventType "swiss"]
[EventRounds "11"]
[EventCountry "GER"]
[SourceTitle "CBM 172 Extra"]
[Source "ChessBase"]
[SourceDate "2016.06.21"]
[SourceVersion "1"]
[SourceVersionDate "2016.06.21"]
[SourceQuality "1"]

1. Nf3 d5 2. g3 Nf6 3. Bg2 e6 4. 0-0 Be7 5. d4 c5 6. c4 0-0 7. b3 Nc6 8. Bb2 a6 9. Nc3 b6 10. a3 Bb7 11. e3 Qc7 12. Qd2 Rac8 13. Rfe1 Rfd8 14. Rac1 Qd6 15. Qc2 Rc7 16. Ne5 dxc4 17. Nxc4 Qd7 18. Nxb6 Qe8 19. dxc5 Bxc5 20. Ne4 Bxb6 21. Bxf6 Rdd7 22. Qb2 Qf8 23. b4 Ne7 24. Bg5 Rd5 25. Bh6 Rxc1 26. Rxc1 Rd7 27. Nf6+ Kh8 28. Nxd7 Qg8 29. Bxb7 1-0

[Event "GER-ch U10 Girls"]
[Site "Willingen"]
[Date "2016.05.18"]
[Round "7"]
[White "Zhou, Lepu Coco"]
[Black "Baltic, Sara"]
[Result "1-0"]
[WhiteElo "1381"]
[BlackElo "1149"]
[PlyCount "177"]
[EventDate "2016.05.15"]
[EventType "swiss"]
[EventRounds "11"]
[EventCountry "GER"]
[SourceTitle "CBM 172 Extra"]
[Source "ChessBase"]
[SourceDate "2016.06.21"]
[SourceVersion "1"]
[SourceVersionDate "2016.06.21"]
[SourceQuality "1"]

1. e4 e6 2. d4 d5 3. Nc3 Bb4 4. e5 Ne7 5. a3 Bxc3+ 6. bxc3 b6 7. Bd3 Ba6 8. Bxa6 Nxa6 9. Bd2 0-0 10. Nf3 c5 11. 0-0 h6 12. Qe2 Nc7 13. a4 Nc6 14. Qd3 c4 15. Qe3 a6 16. g3 Ne7 17. Nh4 b5 18. axb5 axb5 19. Qf3 Ng6 20. Nxg6 fxg6 21. Qg4 Kh7 22. Qh3 Qe7 23. Rfb1 Qf7 24. Qg2 Rxa1 25. Rxa1 Qf3 26. Qxf3 Rxf3 27. Ra7 Rf7 28. Bc1 Kg8 29. Ba3 b4 30. Bxb4 Nb5 31. Ra8+ Kh7 32. Rb8 Na7 33. Re8 Nc6 34. Rxe6 Nxb4 35. cxb4 Ra7 36. Rd6 Ra1+ 37. Kg2 Rc1 38. Rxd5 Rxc2 39. e6 Re2 40. Rc5 Rxe6 41. Rxc4 Kg8 42. b5 Rb6 43. Rb4 Kf7 44. Kf3 Ke6 45. Ke4 Kd6 46. f4 h5 47. f5 gxf5+ 48. Kxf5 Kd5 49. Kg5 g6 50. Kf4 Kd6 51. Ke4 Ke6 52. d5+ Kd6 53. Kd4 g5 54. h3 Rb7 55. b6 Rb8 56. b7 Kc7 57. Ke5 Re8+ 58. Kf5 Kb8 59. d6 Re3 60. d7 Rf3+ 61. Kxg5 Rxg3+ 62. Kh4 Rg8 63. Kxh5 Rh8+ 64. Kg6 Rd8 65. h4 Rxd7 66. h5 Rd6+ 67. Kg5 Rd5+ 68. Kg4 Rd8 69. h6 Rd7 70. Rb6 Rd4+ 71. Kg5 Rd5+ 72. Kg6 Rd1 73. h7 Rg1+ 74. Kf7 Rh1 75. Kg8 Rg1+ 76. Kh8 Rg2 77. Rf6 Rg1 78. Rf8+ Kxb7 79. Rf7+ Ka6 80. Rg7 Rb1 81. Kg8 Rb8+ 82. Kf7 Rb7+ 83. Kg6 Rb6+ 84. Kh5 Rb5+ 85. Kh6 Rb1 86. Rg6+ Kb7 87. h8Q Rh1+ 88. Kg7 Rxh8 89. Kxh8 1-0

[Event "GER-ch U10 Girls"]
[Site "Willingen"]
[Date "2016.05.16"]
[Round "4"]
[White "Baltic, Sara"]
[Black "Krebs, Elisabeth"]
[Result "1-0"]
[WhiteElo "1149"]
[BlackElo "1076"]
[PlyCount "77"]
[EventDate "2016.05.15"]
[EventType "swiss"]
[EventRounds "11"]
[EventCountry "GER"]
[SourceTitle "CBM 172 Extra"]
[Source "ChessBase"]
[SourceDate "2016.06.21"]
[SourceVersion "1"]
[SourceVersionDate "2016.06.21"]
[SourceQuality "1"]

1. e4 e5 2. Nf3 Nc6 3. Bc4 d6 4. h3 Qe7 5. c3 Bd7 6. d3 h6 7. Bb3 0-0-0 8. 0-0 Qf6 9. Be3 Be7 10. Nbd2 Qg6 11. Kh1 h5 12. Rg1 Bg4 13. Nf1 Bf6 14. N1h2 Nge7 15. Rf1 d5 16. exd5 Nxd5 17. hxg4 hxg4 18. Bxd5 Rxd5 19. Ng5 Qh5 20. Nh3 Rxd3 21. Qxd3 gxh3 22. g3 Ne7 23. Rad1 b6 24. Qa6+ Kb8 25. Rd7 Nf5 26. g4 Qh4 27. c4 Nxe3 28. fxe3 Qg3 29. Rg1 Qxe3 30. Qa3 Qe4+ 31. Qf3 Qxc4 32. g5 e4 33. b3 Qc2 34. Qd1 Qf2 35. gxf6 gxf6 36. Rd8+ Rxd8 37. Qxd8+ Kb7 38. Qd5+ Kb8 39. Rg8# 1-0

[Event "Cologne Longerich op-B 12th"]
[Site "Cologne"]
[Date "2015.08.01"]
[Round "3"]
[White "Baltic, Sara"]
[Black "Zimmer, Elmar"]
[Result "1/2-1/2"]
[WhiteElo "1005"]
[BlackElo "1537"]
[PlyCount "50"]
[EventDate "2015.07.31"]
[EventType "tourn"]
[EventRounds "5"]
[EventCountry "GER"]
[SourceTitle "EXT 2017"]
[Source "ChessBase"]
[SourceDate "2016.10.25"]
[SourceVersion "1"]
[SourceVersionDate "2016.10.25"]
[SourceQuality "1"]

1. Nf3 Nf6 2. g3 d5 3. Bg2 Nc6 4. d4 e6 5. 0-0 Be7 6. c4 0-0 7. a3 a5 8. Qc2 h6 9. Nc3 dxc4 10. Nb5 Bd6 11. Nd2 Na7 12. Nxa7 Rxa7 13. Nxc4 b5 14. Nxd6 cxd6 15. Be3 d5 16. Bf4 Nh5 17. Qc5 Rb7 18. Bd6 Re8 19. e4 dxe4 20. Bxe4 Rd7 21. Bc6 Rxd6 22. Bxe8 Rd5 23. Qc6 Rd6 24. Qxb5 Rd5 25. Qc6 Rd6 1/2-1/2

[Event "Cologne Longerich op-B 12th"]
[Site "Cologne"]
[Date "2015.07.31"]
[Round "1"]
[White "Baltic, Sara"]
[Black "Koellner, Felicitas Ophelia"]
[Result "0-1"]
[WhiteElo "1005"]
[BlackElo "1337"]
[PlyCount "60"]
[EventDate "2015.07.31"]
[EventType "tourn"]
[EventRounds "5"]
[EventCountry "GER"]
[SourceTitle "EXT 2017"]
[Source "ChessBase"]
[SourceDate "2016.10.25"]
[SourceVersion "1"]
[SourceVersionDate "2016.10.25"]
[SourceQuality "1"]

1. e4 d6 2. Nf3 Nf6 3. d3 Nbd7 4. Nc3 e5 5. Be3 Be7 6. Be2 0-0 7. h3 c6 8. d4 exd4 9. Bxd4 b5 10. e5 dxe5 11. Bxe5 b4 12. Na4 Qa5 13. b3 Nxe5 14. Nxe5 Qxe5 15. 0-0 Bd6 16. g3 Bxh3 17. Re1 Qd5 18. Bf3 Qxd1 19. Raxd1 Rfd8 20. Bxc6 Rac8 21. Be4 Nxe4 22. Rxe4 Bf5 23. Re3 Bxc2 24. Rd2 Bf5 25. Nb2 Rc1+ 26. Kg2 Rcc8 27. Nc4 Bf8 28. Rxd8 Rxd8 29. Re5 Be6 30. Re4 Bd5 0-1

[Event "GER-ch U10"]
[Site "Willingen"]
[Date "2015.05.25"]
[Round "3"]
[White "Kruse, Kilian"]
[Black "Baltic, Sara"]
[Result "1/2-1/2"]
[WhiteElo "1346"]
[BlackElo "1129"]
[PlyCount "50"]
[EventDate "2015.05.24"]
[EventType "swiss"]
[EventRounds "11"]
[EventCountry "GER"]
[SourceTitle "CBM 166 Extra"]
[Source "ChessBase"]
[SourceDate "2015.06.18"]
[SourceVersion "1"]
[SourceVersionDate "2015.06.18"]
[SourceQuality "1"]

1. e4 e6 2. d4 d5 3. exd5 exd5 4. Nf3 Bd6 5. Bd3 Nc6 6. c3 Nge7 7. Be3 Be6 8. Nbd2 Qd7 9. a4 a5 10. Nb3 Nf5 11. Qe2 Nce7 12. Ne5 Bxe5 13. dxe5 Ng6 14. Nc5 Qc8 15. Bd4 Nf4 16. Qf3 Nxd3+ 17. Qxd3 b6 18. Nxe6 Qxe6 19. 0-0 0-0 20. Rad1 Rad8 21. f4 h5 22. Qh3 c5 23. Be3 d4 24. cxd4 cxd4 25. Bc1 g6 1/2-1/2

[Event "GER-ch U10"]
[Site "Willingen"]
[Date "2015.05.24"]
[Round "2"]
[White "Baltic, Sara"]
[Black "Wallat, Alexandra"]
[Result "1-0"]
[WhiteElo "1129"]
[BlackElo "935"]
[PlyCount "165"]
[EventDate "2015.05.24"]
[EventType "swiss"]
[EventRounds "11"]
[EventCountry "GER"]
[SourceTitle "CBM 166 Extra"]
[Source "ChessBase"]
[SourceDate "2015.06.18"]
[SourceVersion "1"]
[SourceVersionDate "2015.06.18"]
[SourceQuality "1"]

1. e4 d5 2. exd5 Qxd5 3. Nc3 Qa5 4. d4 c6 5. Bd2 Qc7 6. Bc4 Nf6 7. Nce2 Bf5 8. Bf4 Qb6 9. a3 e6 10. Nf3 Be7 11. 0-0 0-0 12. Re1 Nbd7 13. Ng3 c5 14. Nxf5 Bd8 15. Ng3 cxd4 16. Nxd4 e5 17. Bxe5 Nxe5 18. Rxe5 Bc7 19. Rb5 Qd6 20. Rxb7 Rfb8 21. Nb5 Qxd1+ 22. Rxd1 Rxb7 23. Nxc7 Rxc7 24. Bb3 Ng4 25. Ne4 Re7 26. Bd5 Rd8 27. f3 Ne3 28. Rd3 Nxd5 29. c4 f5 30. Nc3 Re1+ 31. Kf2 Rde8 32. Rxd5 f4 33. c5 R1e5 34. Rd4 Rxc5 35. Rxf4 Rh5 36. h3 Rf8 37. Rd4 Rh6 38. b4 Rc6 39. Nd5 Rc2+ 40. Kg3 Re8 41. a4 Ree2 42. Nf4 Red2 43. Nd3 Rxg2+ 44. Kf4 Rg6 45. Rd8+ Kf7 46. Ne5+ Ke7 47. Ra8 Rf6+ 48. Ke4 Ra6 49. a5 Rb2 50. Kd5 Kf6 51. Nd7+ Kg5 52. Nc5 Rd2+ 53. Ke4 Rad6 54. Ke3 R2d4 55. Ne4+ Kh4 56. Nxd6 Rxd6 57. Rxa7 Re6+ 58. Kd4 g5 59. Rxh7+ Kg3 60. b5 Kxf3 61. Rf7+ Kg3 62. b6 Kxh3 63. b7 Re8 64. a6 Rd8+ 65. Kc5 g4 66. a7 g3 67. b8Q Rxb8 68. axb8Q g2 69. Qh8+ Kg3 70. Qg8+ Kh2 71. Rh7+ Kg1 72. Rg7 Kf1 73. Qc4+ Kg1 74. Qg4 Kf1 75. Qxg2+ Ke1 76. Qh1+ Kd2 77. Rg2+ Ke3 78. Qh3+ Ke4 79. Rg4+ Ke5 80. Qh5+ Ke6 81. Rg6+ Kf7 82. Qh7+ Kf8 83. Rg8# 1-0